Escape From Violence : (Record no. 1821)

MARC details
000 -LEADER
fixed length control field 01103pam a2200301 a 4500
001 - CONTROL NUMBER
control field 3383562
003 - CONTROL NUMBER IDENTIFIER
control field OSt
005 - DATE AND TIME OF LATEST TRANSACTION
control field 20191126131117.0
008 - FIXED-LENGTH DATA ELEMENTS--GENERAL INFORMATION
fixed length control field 880728s1989 nyu b 001 0 eng
010 ## - LIBRARY OF CONGRESS CONTROL NUMBER
LC control number 88025156
020 ## - INTERNATIONAL STANDARD BOOK NUMBER
International Standard Book Number 0195055926 (alk. paper)
040 ## - CATALOGING SOURCE
Original cataloging agency DLC
Transcribing agency DLC
Modifying agency DLC
043 ## - GEOGRAPHIC AREA CODE
Geographic area code d------
050 00 - LIBRARY OF CONGRESS CALL NUMBER
Classification number HV640.4.D44
Item number Z65 1989
082 00 - DEWEY DECIMAL CLASSIFICATION NUMBER
Classification number 305.906914 ZOL 1989
Edition number 19
100 1# - MAIN ENTRY--PERSONAL NAME
Personal name Zolberg, Aristide R.; Aguayo, Sergio; Suhrke, Astri.
9 (RLIN) 4792
245 10 - TITLE STATEMENT
Title Escape From Violence :
Remainder of title conflict and the refugee crisis in the developing world
260 ## - PUBLICATION, DISTRIBUTION, ETC. (IMPRINT)
Place of publication, distribution, etc. New York :
Name of publisher, distributor, etc. Oxford University Press,
Date of publication, distribution, etc. 1989.
300 ## - PHYSICAL DESCRIPTION
Extent xiii, 380 p. ;
Dimensions 24 cm.
500 ## - GENERAL NOTE
General note Includes index.
504 ## - BIBLIOGRAPHY, ETC. NOTE
Bibliography, etc Includes bibliographical references (p. 283-357).
650 #0 - SUBJECT ADDED ENTRY--TOPICAL TERM
Topical term or geographic name as entry element Refugees
9 (RLIN) 4317
650 #0 - SUBJECT ADDED ENTRY--TOPICAL TERM
Topical term or geographic name as entry element conflicts & relief
9 (RLIN) 4793
856 42 - ELECTRONIC LOCATION AND ACCESS
Materials specified Publisher description
Uniform Resource Identifier http://www.loc.gov/catdir/enhancements/fy0603/88025156-d.html
906 ## - LOCAL DATA ELEMENT F, LDF (RLIN)
a 7
b cbc
c orignew
d 1
e ocip
f 19
g y-gencatlg
942 ## - ADDED ENTRY ELEMENTS (KOHA)
Source of classification or shelving scheme Dewey Decimal Classification
Koha item type Short Loan
Holdings
Withdrawn status Lost status Source of classification or shelving scheme Damaged status Not for loan Home library Current library Date acquired Source of acquisition Inventory number Total Checkouts Full call number Barcode Date last seen Koha item type
    Dewey Decimal Classification     MUST Main Library MUST Main Library 21/05/2015 Purchase 06/27824   305.906914 ZOL 1989 2015-1518 21/05/2015 Short Loan
    Dewey Decimal Classification     MUST Main Library MUST Main Library 21/05/2015 Purchase 06/27821   305.906914 ZOL 1989 2015-1519 21/05/2015 Short Loan